000 00579nam a2200157 a 4500
001 000038188
005 20201002031205.0
008 130321s2010 dr 000 0 spa d
040 _aDO-SdBNP
_bspa
_cBNPHU
100 1 _aCastaño Guzmán, Julio César
_964557
245 1 0 _aDiscurso entrega de certíficados de elección a ganadores del nivel congresional en las elecciones /
_cJulio César Castaño Guzmán.
260 _aSanto Domingo :
_bJunta Central Electoral,
_c2010.
300 _a15 p. ;
_c22 cm.
490 1 _aEnsayos electorales
_v7
830 0 _aEnsayos electorales
_912223
999 _c37678
_d37678